000 00622nam a2200145 i 4500
001 183813
003 ES-MaACL
005 20230906221956.0
008 141020s1892 xxu |||| | eng d
111 0 _aWorld's Columbian Exposition (
_d1893.
_cChicago)
_9135144
245 1 0 _aWorld's Columbian Exposition Chicago, U.S.A. 1893
_b: plan and classification department M. : ethnology, archaeology, history, cartography, Latin-american Bureau. collective and isolated exhibits.
260 _aChicago :
_bWorld's Columbian Exposition,
_c1892.
300 _a27 p., [1] h. pleg. de map. ;
_c23 cm.
852 _aES-MaACL
_jT-540-F-3
999 _c183813
_d183813